S-box construction using machine learning

Enregistré dans:
Détails bibliographiques
Auteur principal: Šurab, Lukáš (Auteur)
Autres auteurs: Zajac, Pavol (Directeur de thèse)
Format: Manuscrit Livre
Langue:slovaque
anglais
Publié: 2025
Sujets:
Accès en ligne:http://is.stuba.sk/zp/portal_zp.pl?podrobnosti=184432
Tags: Ajouter un tag
Pas de tags, Soyez le premier à ajouter un tag!

MARC

LEADER 00000ntm a22000003a 4500
001 stuzp101953
003 SK-STU
005 20250614210902.3
007 ta
008 150427s2015----xo-----f-mn---000-0-slo-d
040 |a STU  |b slo 
041 0 |a eng 
100 1 |a Šurab, Lukáš  |u 035000  |4 aut  |U FEI Fakulta elektrotechniky a informatiky  |T FEI Ústav informatiky a matematiky  |X 111466  |U E050  |Y 816  |7 111466 
242 0 1 |a Konštrukcia S-boxov pomocou strojového učenia  |y slo 
245 1 0 |a S-box construction using machine learning 
260 |c 2025 
650 4 |a multiplicative complexity  |2 eng 
650 4 |a Fredkin gate  |2 eng 
650 4 |a Toffoli gate  |2 eng 
650 4 |a machine learning  |2 eng 
650 4 |a S-Box  |2 eng 
650 4 |a multiplikatívna zložitosť  |2 slo 
650 4 |a Fredkin gate  |2 slo 
650 4 |a Toffoli gate  |2 slo 
650 4 |a strojové učenie  |2 slo 
650 4 |a S-Box  |2 slo 
700 1 |a Zajac, Pavol  |u 035000  |k Z1  |4 ths  |U FEI Fakulta elektrotechniky a informatiky  |T FEI Ústav informatiky a matematiky  |X 10218  |U E050  |Y 816  |7 A000010218 
856 4 |u http://is.stuba.sk/zp/portal_zp.pl?podrobnosti=184432